| 000 | 00481nam a22001457a 4500 | ||
|---|---|---|---|
| 008 | 090212t xxu||||| |||| 00| 0 eng d | ||
| 020 | _a1853395358 | ||
| 082 |
_222 _a361.70681 _bWIL |
||
| 245 |
_aBuilding fundraising programs to attract community support / _cElizabeth Westman Wilson. |
||
| 260 |
_aLondon : _b ITDG, _c2001 |
||
| 300 |
_a 279 p. : _b ill. ; _c24 cm. |
||
| 490 |
_aFundraising close to home; _v3 |
||
| 504 | _aIncludes bibliographical references. | ||
| 942 |
_2ddc _cBB |
||
| 999 |
_c10821 _d10821 |
||